| 000 | 00469nas a2200169 c 4500 | ||
|---|---|---|---|
| 005 | 20231010125057.0 | ||
| 008 | 231010t1997 xxk u|p| |||| 00| 0 eng d | ||
| 022 | _a0012-369X | ||
| 040 | _aCHAP | ||
| 090 | _aRevista | ||
| 245 |
_aDistribution maps of plant diseases _c/ CAB International |
||
| 260 |
_aReino Unido : _b Cabi Publishing, _c1997- |
||
| 300 | _av. | ||
| 650 | 0 |
_9172815 _aPlantas _x enfermedades |
|
| 650 | 0 |
_9172193 _aPlantas _x Plagas |
|
| 942 | _2ddc | ||
| 999 |
_c219252 _d219252 |
||